Vector mechanics for engineers statics / (Record no. 149304)

MARC details
000 -LEADER
fixed length control field 00741nam a22001937a 4500
005 - DATE AND TIME OF LATEST TRANSACTION
control field 20180118151524.0
010 ## - LCCN (DPL NO)
LC control number ENG-122113
020 ## - INTERNATIONAL STANDARD BOOK NUMBER
International Standard Book Number 9789352601585
Terms of availability 675.00
035 ## - SYSTEM CONTROL NUMBER
System control number EN-105645
037 ## - SOURCE OF ACQUISITION
Source of stock number/acquisition DBAD/PUB
082 ## - DEWEY DECIMAL CLASSIFICATION NUMBER
Classification number 620.103
100 ## - MAIN ENTRY--PERSONAL NAME
Personal name Beer, Ferdinand P.
245 ## - TITLE STATEMENT
Title Vector mechanics for engineers statics /
Statement of responsibility, etc by Ferdinand P. Beer, E. Russell Johnston, Jr. and David F. Mazurek
260 ## - PUBLICATION, DISTRIBUTION, ETC. (IMPRINT)
Place of publication, distribution, etc Tamil Nadu
Name of publisher, distributor, etc McGraw Hill Education (India)
Date of publication, distribution, etc 2018
270 ## - ADDRESS
Address 444/1, Sri Ekambara Naicker Industrial Estate, Alapakkam, Porur, Chennai-600116, Tamil Nadu, India
300 ## - PHYSICAL DESCRIPTION
Extent xvii, various pages.
Dimensions 25cm(pbk)
Other physical details ill.
700 ## - ADDED ENTRY--PERSONAL NAME
Dates associated with a name E. Russell Johnston, Jr. and David F. Mazurek
942 ## - ADDED ENTRY ELEMENTS (KOHA)
Source of classification or shelving scheme Dewey Decimal Classification
Item type English Books
Classification part 620.103
Call number suffix BEE
Holdings
Withdrawn status Lost status Not for loan Collection code Home library Current library Date acquired Source of acquisition Cost, normal purchase price Full call number Barcode Copy number Cost, replacement price Koha item type
    Not For Loan Non-fiction D.B.Act.Division Bawana 18/01/2018 DBAD/PUB 675.00 620.103 BEE EN-105645 1 675.00 English Books

© Delhi Public Library
Hit Counter
free hit counter